000 01573cam a2200193 4500
001 X110071
008 000000n2000 000 0 eng u
035 _a(Sirsi) u110071
245 _aAdverse possession
260 _c2000
490 _aEstates Gazette Case Summaries
_v[2000] EGCS 147 (16/12/00)
520 _aCA 1 December 2000. "Bigden and others v Lambeth LBC". In 1979 the claimant Council (A) acquired 60 flats divided into eight self-contained blocks. From 1983 onwards blocks 1-4 were occupied by a series of squatters. A could not enter the blocks without the consent of an occupier. In 1987 the occupiers (B) formed a Co-operative (OHC) with the objective of obtaining a licence from A so that OHC could control the building. Negotiations between OHC and A ceased in 1993, and no licence was ever granted. In November 1997 A issued proceedings for possession of the blocks. B, relying upon the Limitation Act 1980, resisted the claim on the ground that they or their predecessors had been in adverse possession for over 12 years. A countered that within that period their title had been acknowledged in writing by or on behalf of B. The CC judge allowed A's claim for possession of all but four flats, but rejected their submissions on the acknowledgement issue. B appealed and A cross-appealed. The appeal was dismissed and the cross-appeal allowed.
650 _aADVERSE POSSESSION
650 _aACKNOWLEDGEMENT OF TITLE
650 _aLIMITATION ACT 1980
650 _aBIGDEN AND OTHERS V LAMBETH LBC
690 _aPROPERTY
942 _n0
999 _c65651
_d65651